NFL Playoff Teams - Statistics

General Stats
  • This quiz has been taken 64 times
  • The average score is 14 of 14
Answer Stats
Seed Team Record % Correct
1 Baltimore Ravens 13-4
100%
4 Tampa Bay Buccaneers 9-8
100%
2 Dallas Cowboys 12-5
98%
7 Green Bay Packers 9-8
98%
1 San Francisco 49ers 12-5
98%
2 Buffalo Bills 11-6
96%
3 Detroit Lions 12-5
96%
3 Kansas City Chiefs 11-6
96%
6 Los Angeles Rams 10-7
96%
7 Pittsburgh Steelers 10-7
96%
4 Houston Texans 10-7
95%
5 Philadelphia Eagles 11-6
95%
5 Cleveland Browns 11-6
93%
6 Miami Dolphins 11-6
91%
No matching quizzes found
Score Distribution
Percent of People with Each Score
Percentile by Number Answered
Your Score History
You have not taken this quiz